Từ sinh lý đến dưỡng sinh

Cung cấp những kiến thức về bộ máy sinh lý, về sự hoạt động của cơ thể trước tác động của môi trường bên ngoài và đề xuất những phương pháp tập luyện đơn giản như khí công, nội công, vận động......

Descripció completa

Guardat en:
Dades bibliogràfiques
Autor principal: Nguyễn, Khắc Viện
Format: Llibre
Idioma:Vietnamese
Publicat: TP. Hồ Chí Minh Trẻ 2002
Matèries:
Etiquetes: Afegir etiqueta
Sense etiquetes, Sigues el primer a etiquetar aquest registre!
Thư viện lưu trữ: Trung tâm Học liệu Lê Vũ Hùng, Trường Đại học Đồng Tháp
LEADER 01067aam a22002538a 4500
001 00028726
005 20171026081023.0
008 120403s2002 ||||||viesd
020 |c 10000 
041 0 # |a vie 
082 1 4 |a 612  |b T550S 
100 1 # |a Nguyễn, Khắc Viện 
245 1 0 |a Từ sinh lý đến dưỡng sinh  |c Nguyễn Khắc Viện 
260 # # |a TP. Hồ Chí Minh  |b Trẻ  |c 2002 
300 # # |a 106tr.  |c 19cm. 
520 # # |a Cung cấp những kiến thức về bộ máy sinh lý, về sự hoạt động của cơ thể trước tác động của môi trường bên ngoài và đề xuất những phương pháp tập luyện đơn giản như khí công, nội công, vận động... 
650 # 4 |a Y học 
653 # # |a Dưỡng sinh 
653 # # |a Khí công 
653 # # |a Sinh lý 
852 # # |b Kho đọc  |j KD.0013081 
852 # # |j KD.0013081 
910 |d 03/04/2012 
980 # # |a Trung tâm Học liệu Lê Vũ Hùng, Trường Đại học Đồng Tháp